| 000 | 00406nam a22001577a 4500 | ||
|---|---|---|---|
| 003 | OSt | ||
| 008 | 260324b |||||||| |||| 00| 0 eng d | ||
| 020 | _a9798885751551 | ||
| 082 | _a509.54 CHH | ||
| 100 | _aCHAUHAN,Bhag Chand | ||
| 245 | _aIKS the History and Culture of Science in Bharata Vol.2 | ||
| 250 | _a1st Ed | ||
| 260 |
_aGurugram _bGaruda Prakashan _c2024 |
||
| 300 | _a477p | ||
| 942 |
_2ddc _cREF |
||
| 999 |
_c13888 _d13888 |
||